| 000 | 00424 a2200133 4500 | ||
|---|---|---|---|
| 001 | ART_7150 | ||
| 005 | 20260410161622.0 | ||
| 008 | 260409a | ||
| 245 | 1 | 0 | _aAjustes de resultados de ejercicios anteriores e información comparativa (Primera parte) |
| 100 | 1 | _aCasal, María del Carmen | |
| 700 | 1 | _aRondi, Gustavo R. | |
| 700 | 1 | _aGómez, Melisa | |
| 773 | 0 |
_tEnfoques _g- Nº 6 (jun. 2011) _wREV416 |
|
| 999 |
_c11683 _d11683 |
||